=LDR 00000nam 2200000 4500 =001 INLIS000000000036749 =005 20130612142522 =008 ***********************************Ind** =035 ##$$0010-061300000036749 =041 ##$$a Ind =082 ##$$a 370.156 51 =090 ##$$a 370.156 51, Gun b =100 ##$$a Gunawan, Adi W =245 ##$$a Boru to be a genius, Adi W Gunawan =260 ##$$a 2003 $b Jakarta =300 ##$$a 265 hlm, 27 cm =650 ##$$a Psikologi belajar =850 ##$$a NBPNMAT